1500 1232 1690 1303 1637 1424 1201 1981 1046 1049 1040 1882 1871 1713 1382 1831 1175 1732 1677 1374 1060 1217 1909 1773 1133 1517 1975 1385 1986 1932 1067 1250 1826 1108 1017 1818 1279 1339 1233 1142 1935 1541 1059 1754 1024 1413 1448 1334 1646 1778 1924 1740 1630 1390 1190 1230 1193 1033 1697 1296 1473 1813 1372 1195 1590 1681 1568 1716 1498 1061 1640 1814 1062 1084 1634 1481 1090 1027 1442 1481 1196 1545 1581 1963 1367 1768 1316 1840 1428 1138 1305 1169 1914 1858 1420 1387 1500 1381 1192 BCNSPRNW ULIB Ver.6.0+V

เปลี่ยนเป็นภาษาไทย

Change to English
 แสดงรายละเอียดบรรณานุกรม
  กลับหน้าหลัก

Brief Record : Get Marc (ISO 2709) : E-mail record : QR code < ปิดหน้าต่าง
LEADER : 00000nam 2200000uu 4500
001    13399108920
003     ULIB
008    110316s2551||||th 000 0 tha d
020    9789744514233
060 04 W740^bร123ต 2551
100 0  รณชัย คงสกนธ์
245 10 ตำรานิติจิตเวชศาสตร์ =^bForensic Psychiatry /^cรณชัยคงสกนธ์
246 31 Forensic Psychiatry
250    พิมพ์ครั้งที่ 2
260    กรุงเทพฯ :^bภาควิชาจิตเวชศาสตร์คณะแพทยศาสตร์โรงพยาบาลรามาธิบดี มหาวิทยาลัยมหิดล,^c2551
300    [22], 410 หน้า :^bภาพประกอบ ;^c31 ซม.
650  2 Forensic Psychiatry
650  7 นิติจิตเวชศาสตร์
650  7 นิติจิตเวช
650  7 ความผิดปกติทางจิตเวช^xการรักษา
650  7 กฎหมาย^xแง่จิตวิทยา
650  7 คดี
710 2  มหาวิทยาลัยมหิดล. ^bคณะแพทยศาสตร์โรงพยาบาลรามาธิบดี.^bภาควิชาจิตเวชศาสตร์
945    ^p540^l0^i024718
945    ^p540^l0^i024719
995    ทศพร
999 ^a ใช้งานได้ทุกระบบ
รายการนี้ยังไม่มีแท็ก
คุณยังไม่ได้ล็อกอิน คุณสามารถมีกิจกรรมร่วมกับเว็บไซต์ได้ แต่ต้องล็อกอินก่อน ::
  ล็อกอิน

รายการสื่อสารสนเทศ

ลำดับที่ ประเภท เลขเรียก/บาร์โค้ด สถานที่ สถานะ
- ไม่พบข้อมูล -

รายการใกล้เคียง
    ผู้แต่ง [รณชัย คงสกนธ์]

    หัวเรื่อง [Forensic Psychiatry]
    หัวเรื่อง [นิติจิตเวชศาสตร์]
    หัวเรื่อง [นิติจิตเวช]
    หัวเรื่อง [คดี]

BibComment


ยังไม่เคยถูกคอมเมนท์

คอมเมนท์ทรัพยากรรายการนี้
  คอมเมนท์: ตำรานิติจิตเวชศาส..


 Copyright 2026. Bcnsprnw @Library